000 00462nam a2200157Ia 4500
999 _c12201
_d12201
003 OSt
005 20201005130955.0
008 190216s9999||||xx |||||||||||||| ||und||
040 _coclc
082 _a823.7
_bMAR/M
100 _aMarryat, Captain
_95001
245 0 _aMr Midshiphman Easy /
_cCaptain Marryat ; Christopher Lloyd
260 _bHeron Books,
_c1989.
_aLondon:
300 _a348p
942 _cBK
_2ddc
_h823.7
_iMAR/M
_k823.7
_mMAR/M